[Event "Chernonograd Katsan Memorial 2nd"]
[Site "Chernonograd"]
[Date "2023.01.22"]
[Round "8"]
[White "Tsikh, Vladyslav"]
[Black "Tyurin, Rostyslav"]
[Result "0-1"]
[WhiteElo "1245"]
[BlackElo "1262"]
[PlyCount "96"]
[EventDate "2023.01.22"]
[EventType "swiss"]
[EventRounds "9"]
[EventCountry "UKR"]
[SourceTitle "CBM 212 Extra"]
[Source "ChessBase"]
[SourceDate "2023.03.31"]
[SourceVersion "1"]
[SourceVersionDate "2023.03.31"]
[SourceQuality "1"]

1. e4 e5 2. Nc3 Nc6 3. f4 d6 4. Nf3 Bg4 5. Bb5 a6 6. Bxc6+ bxc6 7. fxe5 dxe5 8. d3 Nf6 9. 0-0 Be7 10. Be3 0-0 11. Qd2 Bxf3 12. Rxf3 Ng4 13. Rff1 Nxe3 14. Qxe3 Rb8 15. b3 Bb4 16. Ne2 h6 17. Kh1 Qg5 18. Qxg5 hxg5 19. Ng3 f6 20. Nf5 g6 21. Ne3 Kg7 22. Nc4 Rh8 23. Rf3 Rh4 24. Raf1 Rf4 25. g3 Rxf3 26. Rxf3 Rh8 27. Kg2 Bc3 28. Rf1 Bb4 29. Rf3 Rf8 30. Rf1 Rb8 31. a4 Bc3 32. Rf3 Rf8 33. Rf1 f5 34. exf5 gxf5 35. Ne3 f4 36. gxf4 exf4 37. Nc4 Re8 38. Kf3 Kg6 39. Rf2 Kf5 40. Rg2 Re1 41. Rf2 Re8 42. h3 Rh8 43. Kg2 Re8 44. Kf3 Re1 45. Kg2 Bd4 46. Rf1 Re2+ 47. Kf3 Rxc2 48. Re1 Rf2# 0-1

[Event "Chernonograd Katsan Memorial 2nd"]
[Site "Chernonograd"]
[Date "2023.01.22"]
[Round "3"]
[White "Tyurin, Rostyslav"]
[Black "Soroka, Denys"]
[Result "0-1"]
[WhiteElo "1262"]
[BlackElo "1624"]
[PlyCount "138"]
[EventDate "2023.01.22"]
[EventType "swiss"]
[EventRounds "9"]
[EventCountry "UKR"]
[SourceTitle "CBM 212 Extra"]
[Source "ChessBase"]
[SourceDate "2023.03.31"]
[SourceVersion "1"]
[SourceVersionDate "2023.03.31"]
[SourceQuality "1"]

1. e4 e5 2. Nf3 Nc6 3. Nc3 Nb8 4. Nb1 Nc6 5. Nc3 Bc5 6. Bc4 Nf6 7. d3 h6 8. h3 0-0 9. 0-0 d6 10. Be3 Bb6 11. Bxb6 axb6 12. Nh2 Nd4 13. Ne2 Ne6 14. f4 exf4 15. Nxf4 Nxf4 16. Rxf4 c6 17. a3 d5 18. exd5 Nxd5 19. Bxd5 Qxd5 20. Qd2 Re8 21. Raf1 Re7 22. Ng4 Bxg4 23. Rxg4 Qd6 24. Qf2 b5 25. Kh1 Rae8 26. Qf3 Qc7 27. Qf6 g6 28. Rgf4 Re1 29. Kg1 Rxf1+ 30. Rxf1 Re6 31. Qf3 Qe7 32. Rf2 Re1+ 33. Kh2 Qe5+ 34. g3 Qe6 35. c3 Re3 36. Qf4 g5 37. Qd4 Qe5 38. Qxe5 Rxe5 39. d4 Re3 40. Kg2 Kg7 41. Rf3 Re2+ 42. Rf2 Re1 43. g4 Kg6 44. Kf3 Rh1 45. Kg2 Rd1 46. Kf3 Rd3+ 47. Kg2 b6 48. Rf5 Rd2+ 49. Rf2 Rxf2+ 50. Kxf2 f5 51. b3 Kf6 52. Kf3 f4 53. Ke4 Ke6 54. c4 bxc4 55. bxc4 Kd6 56. a4 Kc7 57. h4 Kd6 58. hxg5 hxg5 59. Kf3 Kc7 60. Ke4 Kb7 61. Kf3 Ka6 62. Ke4 b5 63. axb5+ cxb5 64. cxb5+ Kxb5 65. d5 Kb6 66. d6 Kc6 67. Ke5 Kd7 68. Ke4 Kxd6 69. Kf3 Ke5 0-1

[Event "Sosnivka Christmas op"]
[Site "Sosnivka"]
[Date "2023.01.15"]
[Round "6"]
[White "Tyurin, Rostyslav"]
[Black "Tsikh, Vladyslav"]
[Result "1-0"]
[WhiteElo "1262"]
[BlackElo "1245"]
[PlyCount "159"]
[EventDate "2023.01.13"]
[EventType "swiss"]
[EventRounds "9"]
[EventCountry "UKR"]
[SourceTitle "EXT 2024"]
[Source "ChessBase"]
[SourceDate "2023.10.10"]
[SourceVersion "1"]
[SourceVersionDate "2023.10.10"]
[SourceQuality "1"]

1. e4 c6 2. d4 d5 3. exd5 cxd5 4. Bd3 Nf6 5. Nf3 Nc6 6. c3 Bg4 7. 0-0 e6 8. Bg5 Be7 9. Nbd2 0-0 10. h3 Bh5 11. a4 Bg6 12. Bxg6 hxg6 13. Re1 Qb6 14. Qb3 Qc7 15. Qd1 Qb6 16. Rb1 Rac8 17. Nb3 Ne4 18. Bxe7 Nxe7 19. Ne5 Qc7 20. Nd2 Nxd2 21. Qxd2 Nc6 22. Nf3 Na5 23. Qg5 Nc4 24. Qh4 Rfe8 25. Ng5 Nd6 26. Qh7+ Kf8 27. Qh8+ Ke7 28. Qxg7 Rg8 29. Qe5 Qc6 30. Nxe6 Nc4 31. Qg5+ f6 32. Nf4+ Kf7 33. Qxd5+ Qxd5 34. Nxd5 Rge8 35. Rxe8 Rxe8 36. b3 Nd2 37. Rb2 Ne4 38. c4 Nd6 39. Ne3 b6 40. Rc2 Ne4 41. f3 Ng5 42. Kf2 Ne6 43. Rd2 Rd8 44. d5 Nc5 45. b4 Nxa4 46. Ra2 b5 47. cxb5 Nc3 48. Rxa7+ Kf8 49. b6 Nb5 50. Rh7 Kg8 51. Re7 Kf8 52. Re6 Kf7 53. Ng4 f5 54. Ne5+ Kg7 55. Rxg6+ Kh7 56. b7 Rb8 57. Rb6 Nc7 58. Nd7 Nxd5 59. Nxb8 Nxb6 60. Nc6 Nd7 61. b8Q Nxb8 62. Nxb8 Kh6 63. Nc6 Kh5 64. Nd4 f4 65. Ne2 Kh4 66. Nxf4 Kg5 67. b5 Kh4 68. Ng6+ Kg5 69. h4+ Kh5 70. g4+ Kxg6 71. b6 Kh6 72. b7 Kg7 73. b8Q Kh7 74. Qd6 Kg7 75. h5 Kh7 76. g5 Kg7 77. Qd7+ Kh8 78. h6 Kg8 79. g6 Kh8 80. Qd8# 1-0